00724nam a2200217Ia 450000500170000000800410001702000180005804000550007604100080013110000180013924501230015726000490028030000180032949000360034765000240038365000280040765000130043565000160044870000180046476500240048220211213082600.0130821s2008 ag gr spa  a9789871456161 aCo-BoUCMbspacDeissy Garcia (modificó)d[Nuevo]00aspa1 aOwen, Deborah10aCómo analizar el mercado técnicas para entender el comportamiento de las accionescDeborah Owen y Robin Griffiths aBuenos Aires (Argentina)bCuatro Mediac2008 a140 páginas aColección Finanzas y Negocios04aCiclos económicos04aEstabilidad económica04aFinanzas04aInversiones1 aThe Economist aMapping the markets